<?xml version="1.0" encoding="UTF-8"?>
<record
    xmlns:xsi="http://www.w3.org/2001/XMLSchema-instance"
    xsi:schemaLocation="http://www.loc.gov/MARC21/slim http://www.loc.gov/standards/marcxml/schema/MARC21slim.xsd"
    xmlns="http://www.loc.gov/MARC21/slim">

  <leader>00770nam a22002537a 4500</leader>
  <controlfield tag="003">UA-OsUOA</controlfield>
  <controlfield tag="001"> 24947 </controlfield>
  <controlfield tag="007">ta</controlfield>
  <controlfield tag="008">20040305b un ||||| |||| 00| 0 ukr d</controlfield>
  <datafield tag="100" ind1=" " ind2=" ">
    <subfield code="a">&#x414;&#x44C;&#x44F;&#x43A;&#x43E;&#x432; &#x421;.&#x412;.</subfield>
  </datafield>
  <datafield tag="090" ind1=" " ind2=" ">
    <subfield code="a">343.3</subfield>
    <subfield code="b">&#x414;93</subfield>
  </datafield>
  <datafield tag="942" ind1=" " ind2=" ">
    <subfield code="c">BK</subfield>
  </datafield>
  <datafield tag="040" ind1=" " ind2=" ">
    <subfield code="a">UA-OsUOA</subfield>
    <subfield code="b">rus</subfield>
    <subfield code="c">UA-OsUOA</subfield>
    <subfield code="d">UA-OsUOA</subfield>
  </datafield>
  <datafield tag="245" ind1=" " ind2=" ">
    <subfield code="a">&#x413;&#x43E;&#x441;&#x443;&#x434;&#x430;&#x440;&#x441;&#x442;&#x432;&#x435;&#x43D;&#x43D;&#x44B;&#x435; &#x43F;&#x440;&#x435;&#x441;&#x442;&#x443;&#x43F;&#x43B;&#x435;&#x43D;&#x438;&#x44F; (&#x43F;&#x440;&#x43E;&#x442;&#x438;&#x432; &#x43E;&#x441;&#x43D;&#x43E;&#x432; &#x43A;&#x43E;&#x43D;&#x441;&#x442;&#x438;&#x442;&#x443;&#x446;&#x438;&#x43E;&#x43D;&#x43D;&#x43E;&#x433;&#x43E; &#x441;&#x442;&#x440;&#x43E;&#x44F; &#x438; &#x431;&#x435;&#x437;&#x43E;&#x43F;&#x430;&#x441;&#x43D;&#x43E;&#x441;&#x442;&#x438; &#x433;&#x43E;&#x441;&#x443;&#x434;&#x430;&#x440;&#x441;&#x442;&#x432;&#x430;) &#x438; &#x433;&#x43E;&#x441;&#x443;&#x434;&#x430;&#x440;&#x441;&#x442;&#x432;&#x435;&#x43D;&#x43D;&#x430; &#x43F;&#x440;&#x435;&#x441;&#x442;&#x443;&#x43F;&#x43D;&#x43E;&#x441;&#x442;&#x44C;</subfield>
  </datafield>
  <datafield tag="300" ind1=" " ind2=" ">
    <subfield code="a">320 &#x441;.</subfield>
  </datafield>
  <datafield tag="955" ind1=" " ind2=" ">
    <subfield code="a">0</subfield>
  </datafield>
  <datafield tag="041" ind1=" " ind2=" ">
    <subfield code="a">rus</subfield>
  </datafield>
  <datafield tag="080" ind1=" " ind2=" ">
    <subfield code="a">343.3</subfield>
  </datafield>
  <datafield tag="020" ind1=" " ind2=" ">
    <subfield code="a">5-89123-332-0</subfield>
  </datafield>
  <datafield tag="260" ind1=" " ind2=" ">
    <subfield code="a">&#x41C;&#x43E;&#x441;&#x43A;&#x432;&#x430;</subfield>
    <subfield code="b">&#x41D;&#x43E;&#x440;&#x43C;&#x430;</subfield>
    <subfield code="c">1999</subfield>
  </datafield>
  <datafield tag="044" ind1=" " ind2=" ">
    <subfield code="a">RU</subfield>
  </datafield>
  <datafield tag="650" ind1=" " ind2="7">
    <subfield code="2">UDC</subfield>
  </datafield>
  <datafield tag="999" ind1=" " ind2=" ">
    <subfield code="c">311233</subfield>
    <subfield code="d">311233</subfield>
  </datafield>
  <datafield tag="952" ind1=" " ind2=" ">
    <subfield code="0">0</subfield>
    <subfield code="1">0</subfield>
    <subfield code="2">udc</subfield>
    <subfield code="4">0</subfield>
    <subfield code="7">0</subfield>
    <subfield code="a">102</subfield>
    <subfield code="b">102</subfield>
    <subfield code="d">2004-03-05</subfield>
    <subfield code="g">172.50</subfield>
    <subfield code="i">67147</subfield>
    <subfield code="l">0</subfield>
    <subfield code="o">343.3 &#x414;93</subfield>
    <subfield code="p">67147</subfield>
    <subfield code="r">2022-02-09 00:00:00</subfield>
    <subfield code="w">2004-03-05</subfield>
    <subfield code="y">BK</subfield>
  </datafield>
</record>
